[Event "RUS-chT 12th"]
[Site "Sochi"]
[Date "2005.04.21"]
[Round "3"]
[White "Dyachkov, Sergej"]
[Black "Yakovich, Yuri"]
[Result "1-0"]
[WhiteElo "2387"]
[BlackElo "2565"]
[Annotator "Ribli,Z"]
[PlyCount "121"]
[EventDate "2005.04.19"]
[EventType "team-tourn"]
[EventRounds "11"]
[EventCountry "RUS"]
[SourceTitle "EXT 2020"]
[Source "ChessBase"]
[SourceDate "2019.10.17"]
[SourceVersion "1"]
[SourceVersionDate "2019.10.17"]
[SourceQuality "1"]
[WhiteTeam "Saratov Ekonomist SGSEU"]
[BlackTeam "Samara Yunilain"]
[WhiteTeamCountry "RUS"]
[BlackTeamCountry "RUS"]

1. Nf3 d5 2. c4 e6 3. g3 dxc4 4. Qa4+ Nd7 5. Bg2 a6 6. Qxc4 b5 7. Qc2 Bb7 8. a4
c5 9. O-O (9. axb5 axb5 10. Rxa8 Bxa8 $5 11. Na3 $140 Qb6 12. Nh4 Bxg2 13. Nxg2
c4 $13) 9... Ngf6 10. axb5 axb5 11. Rxa8 Qxa8 (11... Bxa8 12. Na3 Qb6 13. Qb3
Bc6 $11) 12. Na3 Qa6 {Dieser Zug ist nicht schlecht, aber natürlicher scheint
mir die Alternative 12...Bc6, wonach Schwarz gute Ausgleichschancen besitzt.} (
12... Bc6 13. d3 (13. Ne1 Nd5 14. b3 Be7 15. Bb2 O-O 16. Nd3 Rc8 17. Rc1 Qa5
18. Ra1 Qb6 19. Qd1 h6 20. Ne5 Nxe5 21. Bxe5 Bf6 22. Bxf6 Nxf6 {1/2-1/2
Gisbrecht,E-Kalinitschew,S/ 2004/(35)}) (13. Nh4 Nd5 $1 14. Bxd5 $6 (14. d3 $11
) 14... exd5 15. d4 (15. Qd3 b4 $1 16. Qe3+ Kd8 17. Nc2 d4 18. Qf4 f6 $17)
15... c4 16. e4 Bxa3 $1 (16... dxe4 17. d5 Bxd5 18. Nxb5 Qb7 19. Nc3 $13) 17.
exd5 Bxd5 $17 {Godes,D-Mikhalevski,A/Israel 1999/[Mikhalevski,A]}) 13... Be7
14. Bd2 (14. Qb3 O-O 15. Bd2 Ne5 16. Ne1 c4 17. dxc4 bxc4 18. Nxc4 Bxg2 19.
Nxg2 Rb8 20. Qc2 Nxc4 21. Qxc4 Rxb2 {1/2-1/2 Kurajica,B-San Segundo Carrillo,P/
Benidorm 2002/ (21)}) 14... O-O 15. Rc1 Qb7 16. Ne1 Nd5 17. e4 N5b6 18. Be3 Rc8
19. Nb1 c4 {0-1 Ivacic,V-Sakelsek,T/TCh-SLO, Celje 2003 (51)}) 13. d3 Be7 14.
Qb3 Bc6 (14... b4 15. Nc4 O-O 16. Bf4 Ra8 {1/2-1/2 Plachetka,J-Pavasovic,D/
18th Mitropa Cup, Portoroz 1998 (16)}) 15. Nh4 (15. Ne1 Nd5 16. e4 Nc7 17. Nec2
b4 18. Nb1 Ba4 19. Qc4 Bb5 20. Qb3 Bxd3 21. Rd1 c4 22. Nxb4 cxb3 23. Nxa6 Bxa6
{0-1 Anufriev,V-Markosian,D/Moscow 2002/EXT 2004 (23)}) 15... Nd5 {Schwarz
möchte den Läufer auf c6 auf dem Brett halten, sonst muss er b5-b4 ziehen,
wonach der weiße Springer das Feld c4 einnehmen kann.} (15... Bxg2 16. Nxg2 b4
17. Nc4 $14 {[%csl Gc4]}) 16. Nf5 {Ungewönliche Komplikationen in der ruhige
Reti-Eröffnung.} Bf8 (16... c4 $5 17. Nxg7+ (17. dxc4 bxc4 18. Qd1 exf5 19.
Bxd5 Bxa3 20. bxa3 O-O 21. Bb2 Bxd5 22. Qxd5 Qe6 $11) 17... Kf8 18. dxc4 bxc4
19. Nxe6+ fxe6 20. Nxc4 Kg7 $13) 17. Bxd5 $1 {Ein guter Tausch; Schwarz bleibt
nichts anderes übrig als mit dem Bauern zurückzunehmen, sonst verliert er
Material.} exd5 (17... Bxd5 18. Qxb5 Qxb5 19. Nxb5 Bc6 (19... exf5 20. Nc7+ $16
) 20. Na7 Bb7 21. Ne3 $16) 18. e4 (18. d4 f6 $5 $13 (18... b4 19. Qe3+ Kd8 20.
Nc2 $36) (18... c4 19. Qe3+ Kd8 20. Nc2 $36)) 18... Qa4 {Auf diese Weise kann
Schwarz die Damen tauschen.} (18... dxe4 19. dxe4 c4 20. Qc3 b4 21. Qxc4 (21.
Nxg7+ Kd8 22. Ne6+ fxe6 23. Qxh8 bxa3 24. Rd1) 21... Qb7 22. Qd4 bxa3 23. Nxg7+
Bxg7 24. Qxg7 Rf8 25. bxa3 $13) 19. Qxa4 bxa4 20. exd5 Bxd5 $11 {Weiß verfügt
über Entwicklungsvorteil und der schwarze König steht unsicher in der Mitte,
aber es gibt nichts Konkretes und im weiteren Spielverlauf kann Schwarz seine
Entwicklung beenden.} 21. Nb5 Kd8 (21... Nb6) 22. Bf4 g6 (22... Be6 $11) 23.
Nfd6 {[%mdl 2048] Trotz reduziertem Material existiert ein lebendiges
Figurenspiel.} Bg7 24. Nc3 (24. Ra1 Nb6 25. Nc3 Ke7 26. Nxa4 Nxa4 27. Rxa4 Bxb2
$11) 24... Bb3 $6 (24... Bxc3 $142 25. bxc3 Ke7) 25. Rc1 $36 (25. Nb7+ Kc8 26.
Nd6+ Kd8 $11) 25... Bd4 26. Ndb5 Bg7 27. Ra1 {[%csl Ra4] Weiß zielt auf den
a4-Bauern.} Bxc3 $6 (27... Ke7 28. Nxa4 Bxa4 29. Rxa4 Bxb2 $11) 28. Nxc3 Re8
29. Nxa4 Re2 30. Bd6 Bxa4 (30... Rd2 31. Nc3 (31. Nxc5 Nxc5 32. Bxc5 Rxb2 $14)
31... Kc8 32. Ne4 Rxd3 33. Bxc5 $16) 31. Rxa4 $16 {[%cal Ra4a8,Ra8d8] Weiß hat
einen Bauern gewonnen und droht jetzt 32.Ra8+ mit Gewinn.} Kc8 (31... Rxb2 32.
Ra8+ $18) 32. b4 cxb4 33. Rxb4 {[%mdl 4096]} Re6 34. Bf4 Nb6 35. Rd4 Kb7 36.
Be3 {[%cal Ge3b6]} (36. h4 $6 Kc6 $14 {[%cal Gb6d5]}) 36... Kc6 37. Rh4 h5 38.
Bxb6 $1 {Nach dieser Vereinfachung erhält Weiß ein sehr chancenreiches
Turmendspiel.} Kxb6 39. Rc4 $1 {[%csl Rb6,Gc4][%cal Gc4c8]} Rd6 40. Rc3 {
[%csl Rb6,Gc3,Gd3][%cal Gc3c8] Weiß hat einen Bauern mehr im Turmendspiel,
aber oftmals kann Schwarz in solchen Stellungen das Remis halten. Hier ist das
Hauptproblem von Schwarz, dass sein König vom Spielgeschehen abgeschnitten ist}
Kb5 41. Kf1 (41. h4 Kb6 $16 (41... Kb4 42. Rc4+ Kb5 43. Rc7 (43. Rf4 $6 f5 44.
Rf3 Kc5) 43... f5 44. Kg2 Rxd3 45. Rg7 Rd6 46. Kf3 $18)) (41. Rc7) 41... h4 (
41... Kb4 42. Rc4+ Kb5 43. Ke2 $16) 42. Ke2 Re6+ 43. Kd2 (43. Kf3) 43... hxg3
44. hxg3 Kb6 45. d4 {[%csl Gd4] Weiß marschiert mit seinem Mehrbauer; Schwarz
hat kein Gegenspiel.} f5 46. Kd3 Re1 47. Rc8 (47. Rc5 {[%cal Gc5e5]}) 47...
Rd1+ 48. Ke3 Re1+ 49. Kd2 (49. Kf4 Re4+ 50. Kg5 Rxd4 51. Kxg6 f4 52. Kf5 $18 (
52. g4 Rd2 53. f3 Rd3 54. Kg5 Rxf3 55. Rc4 $18)) 49... Re4 50. Kd3 Kb7 51. Rc1
{Weiß zieht seinen Turm zuerst zurück, um 52.f3 vorzubereiten.} (51. Rg8 Rg4)
51... Kb6 52. f3 $1 {Auf diese Weise verjagt Weiß den schwarzen Turm von e4.}
Re8 53. d5 {[%cal Rc1c6,Rc6b6,Rc6g6]} g5 54. Rc6+ Kb5 55. Kd4 g4 56. Rf6 $1 {
[%csl Rf5]} gxf3 57. Rxf5 Rg8 58. Rxf3 $18 {Mit zwei Mehrbauern gewinnt Weiß
leicht.} Rg4+ 59. Ke5 Rg5+ 60. Kf6 Rg8 (60... Rxd5 61. Rf5 $18) 61. Rc3 (61.
Rc3 Kb4 62. Rc1 $18) 1-0

[Event "Terres Catalanes 15th"]
[Site "Ampuriabrava"]
[Date "1997.09.23"]
[Round "7"]
[White "Pomes Marcet, Juan"]
[Black "Cifuentes Parada, Roberto"]
[Result "0-1"]
[WhiteElo "2430"]
[BlackElo "2555"]
[Annotator "Ribli,Z"]
[PlyCount "64"]
[EventDate "1997.09.17"]
[EventType "tourn"]
[EventRounds "9"]
[EventCountry "ESP"]
[EventCategory "10"]
[SourceTitle "CBM 062"]
[Source "ChessBase"]
[SourceDate "1998.01.31"]
[SourceVersion "1"]
[SourceVersionDate "1998.01.31"]
[SourceQuality "1"]

1. Nf3 d5 2. c4 c6 3. b3 Nf6 4. Bb2 (4. g3 Qb6 $5 5. Bg2 (5. Bb2 dxc4 $17 {
[%cal Gb6b2]}) 5... e5 6. O-O (6. Nxe5 Qd4 $19 {[%cal Rd4e5,Rd4a1]}) 6... e4 7.
Ne1 h5 $13) 4... e6 5. g3 a5 $5 {Ein aggressiver, aber keineswegs schlechter
Versuch. Schwarz möchte den Bb2 beunruhigen und Raum am Damenflügel gewinnen.
Ribli.} 6. Bg2 a4 7. Na3 (7. bxa4 Nbd7 (7... dxc4 8. Ne5 (8. Qc2 Qa5 9. Qxc4
Qxa4 $11) 8... Nbd7 9. Nxc4 Nb6 10. Nxb6 Qxb6 11. Qb3 Qa5 12. Nc3 Bb4 13. O-O
O-O 14. a3 Be7 15. d4 Nd5 16. Rab1 {Pribyl,J-Kozak,M/CZE-chT 9596/EXT 97/1-0 
(50)}) 8. cxd5 exd5 9. Nc3 Bb4 10. O-O O-O 11. Nd4 Nc5 12. Rb1 Re8 13. Ba1 Bxc3
14. Bxc3 Nxa4 {0-1 Neckar,L-Sommerbauer,N/Werfen 1993 (44)}) 7... Bd6 $11 {
Dieser Zug ist noch stärker als das normale 7...Be7.} (7... Nbd7 8. O-O Bd6 9.
d4 O-O 10. c5 Bc7 11. b4 Qe7 12. Nc2 b6 13. a3 bxc5 14. bxc5 Ba6 15. Nb4 Bb5
16. Rc1 e5 17. dxe5 Nxe5 18. Nd4 {Hagesaether,P-Delemarre,J/WchJM-U18 1995/1-0
(34)}) 8. O-O (8. d4 $5 Bb4+ (8... Qe7 9. c5) 9. Nd2) 8... Qe7 9. Qc1 (9. Nc2
$11) 9... O-O 10. d4 b6 {Schwarz hat eine angenehme Stellung und etwas
Raumvorteil am Damenflügel erreicht. Der weiße Na3 steht nicht besonders gut
und bindet zudem noch die weiße Dame.} 11. Ne5 Bb7 12. Nc2 $6 (12. Rd1 $5) (12.
Nd3 {Wenn es möglich ist, kann Weiß 13.c4-c5 ziehen.} Nbd7) 12... c5 $15 (12...
a3 $6 {Das ist stets eine Drohung von Schwarz. In einigen Stellungen wird der
Bauer jedoch schwach.} 13. Bc3) 13. Nd3 (13. e3) (13. Rd1) 13... dxc4 14. Bxb7
Qxb7 15. bxc4 cxd4 16. Bxd4 {Die schwarze Dame steht gut auf b7, sie
kontrolliert die wichtigsten weißen Zentrumsfelder. Der weiße Pc4 ist eine
Schwächung.} Nbd7 17. Rb1 {Die weiße Drohung ist 18.c4-c5, zugleich nimmt Weiß
den schwarzen Pb6 ins Visier.} (17. Qb2 $5) 17... Qe4 {[%csl Rc4,Re2,Ge4] Die
schwarze Dame dominiert das Brett.} 18. Qe3 (18. Bxb6 Qxe2 (18... Qxc4 $15) 19.
Rd1 Rfc8 $15) {[#]} 18... e5 $1 {Mit diesem Bauernzug verschafft sich Schwarz
große Initiative. Die einzige gute Figur von Weiß muß sich zurückziehen.} 19.
f3 (19. Qxe4 Nxe4 20. Be3 (20. Bxb6 Nd2 $17 {[%cal Rd2b1,Rd2f1]}) 20... Nc3 $17
{[%csl Ra2,Rb1,Gc3,Re2]}) (19. Bxb6 Qxc4 20. Rfc1 (20. Ncb4 Ng4 $19 {[%csl Rb6,
Re3]}) (20. Ndb4 Bxb4 21. Nxb4 Ng4 $19) 20... Nd5 $19 {[%cal Rd5e3,Rd5b6]})
19... Qc6 20. Nxe5 (20. Bxb6 Qxc4 $17) 20... Bxe5 21. Bxe5 Rfe8 {[%cal Re8e3]}
22. f4 Qxc4 {22...Nxe5 wäre auch gut, aber die Partiefortsetzung ist noch
stärker.} 23. Nb4 (23. Rfc1 Qxa2 $17 (23... Ng4 $17)) 23... Ng4 24. Qd2 Ndxe5
25. fxe5 Rxe5 {Schwarz hat einen Mehrbauern und gute Angriffschancen, da die
weiße Königsstellung geschwächt ist.} 26. Rf4 Qe6 27. Qd4 h5 {[%csl Re2,Ge5,
Ge6,Rg1,Gg4] Ich sehe nicht, wie Weiß den starken schwarzen Angriff abwehren
könnte.} 28. Nd3 Rxe2 29. a3 (29. Rxb6 Qxa2 $19 {[%csl Ga2,Ge2,Rg1]}) 29... Qc6
30. Nf2 Rae8 $19 {Weiß hat zwei Bauern weniger, und es droht ein zweizügiges
Matt auf e1.} 31. Rf1 Ne3 {[%csl Ge3][%cal Rc6g2,Re3f1]} 32. Re4 Nxf1 {Weiß
gab in hoffnungsloser Stellung auf.Ribli.} 0-1

[Event "Voskresensk"]
[Site "Voskresensk"]
[Date "1993.??.??"]
[Round "?"]
[White "Kharitonov, Andrei Y"]
[Black "Aleksandrov, Aleksej"]
[Result "1-0"]
[WhiteElo "2530"]
[BlackElo "2530"]
[Annotator "Ribli,Z"]
[PlyCount "65"]
[EventDate "1993.??.??"]
[EventType "tourn"]
[EventRounds "11"]
[EventCountry "RUS"]
[EventCategory "9"]
[SourceTitle "CBM 038"]
[Source "ChessBase"]
[SourceDate "1994.02.01"]
[SourceVersion "1"]
[SourceVersionDate "1994.02.01"]
[SourceQuality "1"]

1. c4 e6 2. g3 d5 3. Bg2 g6 4. Nf3 Bg7 5. O-O Ne7 6. d4 O-O 7. Qc2 Nbc6 8. Rd1
a5 (8... Nf5 $5 {Makarov,M-Levin,F/Podgorica/1993/CBM36/}) 9. a3 b6 (9... Nf5
$5) 10. e3 (10. Nc3 $5 Ba6 11. cxd5 exd5 12. Bf4 $14 {Sunye Neto,J-Slipak,S/
Sao Paulo zt/1993/CBM36/}) 10... Ba6 11. cxd5 exd5 12. Nc3 Bc8 13. b3 Bf5 14.
Qd2 Qd7 15. Bb2 Rfd8 16. Rdc1 Nc8 $2 (16... Rac8 $5) (16... h6 $5) 17. Nxd5 $1
Qxd5 18. Ng5 $1 Qxb3 19. Bxc6 Nd6 (19... Rb8 20. Rc3 $18) 20. e4 $1 Be6 21.
Nxe6 Qxe6 22. Bxa8 Rxa8 23. d5 Qxe4 24. Bxg7 Kxg7 25. Rxc7 Re8 26. Rd1 Kg8 27.
Qf4 Qe2 28. Rdc1 Nf5 29. d6 Qd3 30. d7 Rd8 31. Rc8 Qxd7 32. Qb8 Rxc8 33. Qxc8+
1-0

[Event "Gelsenkirchen"]
[Site "Gelsenkirchen"]
[Date "1991.??.??"]
[Round "?"]
[White "Zueger, Beat"]
[Black "Costa, Jean Luc"]
[Result "0-1"]
[WhiteElo "2425"]
[BlackElo "2405"]
[Annotator "Ribli,Z"]
[PlyCount "60"]
[EventDate "1991.05.??"]
[EventType "tourn"]
[EventRounds "11"]
[EventCountry "GER"]
[EventCategory "8"]
[SourceTitle "CBM 025"]
[Source "ChessBase"]
[SourceDate "1991.12.01"]
[SourceVersion "1"]
[SourceVersionDate "1991.12.01"]
[SourceQuality "1"]

1. c4 e6 2. g3 d5 3. Bg2 g6 4. Nf3 Bg7 5. O-O Nc6 6. Nc3 (6. d4 $5 Nge7 7. Nc3
O-O 8. cxd5 exd5 9. b3 Bg4 10. e3 Qd7 11. Ba3 Rfe8 12. Rc1 Nd8 13. h3 Bxf3 14.
Qxf3 c6 15. h4 Ne6 16. Na4 Nc8 17. Bh3 Nb6 $13 {Smejkal,J-Short,N Praque 1990
50/(6) CBM/20}) 6... Nge7 7. cxd5 exd5 8. d4 Bg4 $5 9. Bg5 Bxf3 10. Bxf3 Nxd4
11. Bxd5 c6 12. Bg2 h6 13. Bd2 O-O 14. e3 Ne6 15. Qc2 Qb6 16. Rab1 Rfd8 17.
Rfd1 Nd5 18. Na4 (18. Be1 Nxc3 19. Bxc3 Rxd1+ 20. Rxd1 Rd8 $10) 18... Qb5 19.
b4 (19. Bf1 Nb4 20. Qb3 Nd3 $13) 19... Qe2 20. Bf1 Qh5 21. Nc5 Nxc5 22. bxc5
Nf6 $1 23. Rxb7 $2 Ng4 24. h3 Ne5 25. Bg2 Qe2 26. Rbb1 Rd7 27. Bf1 Rxd2 $1 28.
Rxd2 Qxd2 29. Qxd2 Nf3+ 30. Kg2 Nxd2 0-1

[Event "Pinsk"]
[Site "Pinsk"]
[Date "1993.??.??"]
[Round "?"]
[White "Nielsen, Peter Heine"]
[Black "Kiselev, Sergey"]
[Result "1/2-1/2"]
[WhiteElo "2465"]
[BlackElo "2470"]
[Annotator "Ribli,Z"]
[PlyCount "48"]
[EventDate "1993.??.??"]
[EventType "tourn"]
[EventRounds "9"]
[EventCountry "BLR"]
[EventCategory "10"]
[SourceTitle "CBM 038"]
[Source "ChessBase"]
[SourceDate "1994.02.01"]
[SourceVersion "1"]
[SourceVersionDate "1994.02.01"]
[SourceQuality "1"]

1. c4 e6 2. g3 Nf6 3. Nf3 d5 4. Bg2 dxc4 5. Qa4+ Nbd7 6. Qxc4 c5 7. Qb3 Rb8 8.
d3 Bd6 9. a4 b6 10. Na3 a6 11. Nc4 Bc7 12. Bd2 O-O 13. O-O Bb7 14. Rfc1 (14.
Qc2 Qe7 15. e4 h6 16. Rfe1 Rfd8 $13 {Poldauf,D-Ribli,Z/Ger-CupT/1993/EXP35/}) (
14. Qa3 Ra8 15. b4 b5 $13 {Foisor,O-Luther,Th/Corfu/1991/INF52,(18)/}) 14...
Qe7 $5 (14... b5 15. axb5 axb5 16. Na5 $14 {Salov,V-Oll,L/Wijk op/1993/CBM34/
INF56,18/}) 15. Qa3 b5 (15... Rfc8 16. b4 $14) (15... Ra8 $5 16. b4 b5 17. axb5
axb5 18. Na5 Bxa5 19. bxa5 b4 $13) 16. Ba5 (16. axb5 axb5 17. Na5 b4 (17... Ra8
$5) 18. Qb3 Bd5 19. Qc2 Rfc8 $13) 16... Bxa5 (16... Rfc8 17. axb5 axb5 18. Bxc7
Rxc7 19. Na5 Bd5 $13) 17. Nxa5 Bd5 $5 18. axb5 axb5 19. e4 Ba8 20. Qc3 Rfc8 21.
b3 (21. b4 Qf8 $5 $13) 21... Qd8 22. Ra2 h6 23. Rac2 Nb6 24. Qd2 Qe7 1/2-1/2

[Event "Altensteig"]
[Site "Altensteig"]
[Date "1991.??.??"]
[Round "6"]
[White "Stangl, Markus"]
[Black "Fauland, Alexander"]
[Result "0-1"]
[WhiteElo "2490"]
[BlackElo "2475"]
[Annotator "Ribli,Z"]
[PlyCount "84"]
[EventDate "1991.07.??"]
[EventType "tourn"]
[EventRounds "11"]
[EventCountry "GER"]
[EventCategory "11"]
[SourceTitle "CBM 025"]
[Source "ChessBase"]
[SourceDate "1991.12.01"]
[SourceVersion "1"]
[SourceVersionDate "1991.12.01"]
[SourceQuality "1"]

1. Nf3 Nf6 2. c4 e6 3. g3 a6 4. Bg2 b5 5. b3 c5 6. Nc3 Qb6 7. O-O Bb7 8. e3 Be7
(8... d5 $6 9. cxd5 exd5 10. Bb2 Nbd7 11. Rc1 Be7 12. d3 O-O 13. Ne2 $14 {
Ribli,Z-Kortschnoj,V Barcelona 1989 47/10 CBM/12}) 9. Qe2 (9. d4 $5 Ne4 10. Bb2
O-O 11. dxc5 Bxc5 12. Qc2 Nxc3 13. Qxc3 $14 {Ribli,Z-Kindermann,S Munich 1988
45/10 CBM/7}) 9... O-O (9... Ne4 10. Nxe4 Bxe4 11. d3 Bb7 12. Bb2 O-O 13. Rfd1
d6 14. d4 Nd7 15. d5 exd5 16. cxd5 Bf6 17. Nh4 Bc8 18. h3 Qd8 $13 {Espig,
L-Luther,T DDR-ch Zittau 1989 CBM/12}) 10. Rd1 Bc6 $5 (10... Ne4 $5 11. Nxe4
Bxe4 12. d3 Bf6 $2 (12... Bb7 $5) 13. Bb2 Bxb2 14. Qxb2 Bc6 15. Rac1 d6 16. d4
bxc4 17. dxc5 Qb7 18. Ne1 Bxg2 19. Nxg2 d5 20. e4 $1 $16 {Andersson,U-Arnason,
J Haninge 1989 CBM/13}) 11. d4 b4 12. Na4 Bxa4 13. bxa4 cxd4 14. exd4 Nc6 15.
d5 Na5 16. Bb2 Rac8 17. Rac1 Nb7 18. Ne5 Nc5 19. Bd4 Qa5 20. g4 Qxa4 21. d6
Bxd6 22. Bxc5 Bxc5 23. g5 d6 24. Nc6 (24. gxf6 dxe5 25. fxg7 Rfd8 26. Rxd8+
Rxd8 27. Qxe5 $15) 24... Nd7 25. Ne7+ Kh8 26. Nxc8 Rxc8 $44 27. Kh1 Kg8 28. Be4
Qa3 29. Rc2 Qh3 30. Rd3 Qh4 31. Rg3 Ne5 32. Bb7 Rc7 33. Bxa6 Ra7 34. Bb5 Ra3
35. Rxa3 bxa3 36. Rc3 Ng4 37. f4 Nf2+ 38. Kg2 Qxf4 39. Rg3 g6 40. Bc6 Qc1 41.
Qf1 Qd2 42. Rf3 Ng4+ 0-1

[Event "Monarch Assurance 08th"]
[Site "Port Erin"]
[Date "1999.11.10"]
[Round "5"]
[White "Daly, Colm"]
[Black "Lalic, Bogdan"]
[Result "0-1"]
[WhiteElo "2378"]
[BlackElo "2550"]
[Annotator "Ribli,Z"]
[PlyCount "88"]
[EventDate "1999.11.06"]
[EventType "swiss"]
[EventRounds "9"]
[EventCountry "IOM"]
[SourceTitle "CBM 074"]
[Source "ChessBase"]
[SourceDate "2000.02.01"]
[SourceVersion "1"]
[SourceVersionDate "2000.02.01"]
[SourceQuality "1"]

{[%mdl 20480]} 1. Nf3 Nf6 2. c4 e6 3. g3 a6 {Diese etwas ungewöhnliche
Fortsetzung war von Romanishin in die Turnierpraxis eingeführt worden. Im
folgenden möchte Schwarz mit b7-b5 am Damenflügel aktiv werden.} 4. Bg2 b5 5.
b3 c5 6. O-O Bb7 7. e3 d5 (7... Be7 8. Nc3 Qa5 $5 $146 (8... Qb6 {- 54/9}) 9.
Bb2 O-O (9... bxc4 10. bxc4 {- 25/(43)}) 10. Qe2 Nc6 $1 $132 11. Rfb1 bxc4 12.
bxc4 Rab8 13. d3 Ba8 14. a3 Rfc8 15. Qc2 Nd8 16. Bc1 d6 17. Bd2 Qc7 18. Rxb8
Rxb8 19. Rb1 Bc6 {1/2-1/2 Karpov,A-Kamsky,G/Elista (m/17) 1996/[Karpov,An;
Henley,R] (60)}) 8. Qe2 {Weiss greift den b5P an, aber es scheint, dass er in
Wirklichkeit nicht hängt.} Nbd7 9. Bb2 (9. cxb5 $2 axb5 10. Qxb5 Ba6) 9... Be7
10. Rc1 {Dieser Zug gefällt mir nicht. Nach meiner Meinung es wäre besser, mit
natürlichen Zügen die Entwicklung zu beenden.} (10. d3 O-O 11. Nbd2 $11) 10...
O-O 11. d3 Qb6 {Schwarz hat eine bequeme Stellung. Er hat ein aktives
Bauernzentrum und keine Eröffnungsprobleme.} 12. a4 $6 {Weiss möchte die
Stellung am Damenflügel klären, aber dieser Zug führt nur zu einer Schwächung
des weisse Damenflügels.} (12. Nbd2 $11) 12... bxc4 13. bxc4 dxc4 (13... Rab8
14. Ne5 $11) 14. dxc4 (14. Rxc4 Rab8 15. Rc2 $11) 14... Rab8 {[%csl Rb2][%cal
Rb8b2] Der b2B steht unglücklich. Es droht 15...Bxf3 mit Figurengewinn.} 15.
Bc3 Ne4 $15 {[%csl Ge4] Der schwarze Springer steht stark auf e4.} 16. Be1 (16.
Nfd2 Nxc3 17. Nxc3 Bxg2 18. Kxg2 Ne5 $15) (16. Nbd2 Nxc3 17. Rxc3 Bf6 18. Rb3
Bxf3 19. Bxf3 Bxa1 20. Rxb6 Rxb6 $15) 16... Bf6 17. Ra2 $6 (17. Nc3 $5 Rfd8 $15
(17... Qc7 $15) (17... Qb3 $15)) 17... Rfd8 {[%cal Gd8d1] Schwarz hat keine
konkreten Drohungen, nur eine gesunde Stellung, denn es gibt viele
positionelle Löcher im weissen Damenflügel.} 18. Nfd2 Nxd2 19. Nxd2 (19. Bxd2
Bxg2 20. Kxg2 Ne5 $17 {[%csl Yd3][%cal Ge5d3]}) (19. Rxd2 Bxg2 20. Kxg2 Qc6+
$17 {[%cal Rc6a4,Rc6g2]}) 19... Bxg2 20. Kxg2 Ne5 {[%csl Yd3,Re1,Rg2][%cal
Ge5d3,Gb8b1,Gd8d1] Der schwarze Springer strebt nach d3. Der g2K steht
schlecht in der Diagonale a8-h1, weil die schwarzen Türme die zwei möglichen
offenen Linien kontrollieren.} 21. Nf3 Nd3 {[%csl Gd3]} 22. Rd1 Qb3 $17 {
[%csl Gb3,Rc4] Das Eindringung der Dame macht die weisse Stellung kritisch.
Der c4P ist nicht zu verteidigen.} 23. Rad2 Nxe1+ 24. Qxe1 Qxc4 {[%csl Ra4]
Schwarz hat einen klaren Bauern mehr und sein Läufer ist aktiver als der
weisse Springer.} (24... Qxa4 $17) 25. Rxd8+ Rxd8 26. Rxd8+ Bxd8 27. Qd1 Bf6 {
[%csl Gc4,Gc5,Gf6][%cal Gf6a1] Schwarz hat nicht nur Materialvorteil, sondern
sein cP ist gefährlich.} 28. Qd7 g5 29. Nd2 (29. h3 h5 $17) 29... Qd5+ $5 {
Das ist der richtige Moment - mit zwei verbundenen Bauern hat Schwarz
ausgezeichnete Gewinnchancen.} 30. Qxd5 exd5 {[%csl Gc5,Gd5,Gf6]} 31. Kf3 (31.
Nb3 c4 32. Nc5 c3 $19 {[%csl Gc3][%cal Rc3c2,Rc2c1]}) 31... c4 {Der Bauer geht
vor und gleichzeitig wird der d2N in der Bewegung beschränkt.} 32. Ke2 Bc3 33.
Nf3 (33. Nb1 Bb4 $19) 33... f6 {[%cal Gg8f7,Gf7e6] Schwarz verteidigt den
Bauern und bereitet den Königsmarsch vor.} 34. g4 Kf7 35. Kd1 Ke6 {Die
Annäherung des Königs entscheidet die Partie.} 36. Kc2 Be5 37. h4 h6 (37...
gxh4 38. Nxh4 {[%cal Gh4f5,Gf2f4]}) 38. hxg5 hxg5 39. Nd2 Kd6 {[%cal Gd6c5,
Gc5b4]} 40. Nf3 Kc5 41. Ng1 d4 (41... Kb4 $19) 42. exd4+ Bxd4 {[%csl Rf2,Rg1]
[%cal Rd4g1]} 43. Nh3 Kb4 {[%csl Ra4]} 44. f4 Be3 {[%csl Rh3] Ung Weiss gab in
verlorener Stellung auf. Es hängt a4 und der h3N steht schlecht.} 0-1